Coffee Quiz - Statistics

General Stats
  • This quiz has been taken 108 times
  • The average score is 7 of 15
Answer Stats
Hint Answer % Correct
coffee made with espresso and hot steamed milk Latte
89%
coffee made with milk that has been frothed up with pressurized steam Cappuccino
82%
chocolate-flavored variant of caffè latte Mocha
74%
strong black coffee made by forcing steam through ground coffee beans Espresso
67%
a drink of espresso diluted with hot water. Americano
66%
line of blended iced coffee drinks sold by Starbucks Frappuccino
54%
a blend of microfoamed milk poured over a single or double shot of espresso Flat White
47%
a type of coffee prepared by the process of steeping coffee grounds in water at cool temperatures for an extended period Cold Brew
43%
coffee with nothing added – no cream, no milk, no sweetener Black Coffee
42%
white chocolate-flavored variant of caffè latte White Mocha
38%
espresso with a small amount of steamed milk Cortado
34%
a seed of the coffee shrub Coffee Bean
22%
double shot which is extracted using double the amount of ground coffee Doppio
16%
a drink of very strong, concentrated espresso Ristretto
13%
latte-style beverage served hot or iced made with milk, vanilla syrup, and topped with espresso and caramel sauce Caramel Macchiato
12%
No matching quizzes found
Score Distribution
Percent of People with Each Score
Percentile by Number Answered
Your Score History
You have not taken this quiz